000 00908nam a2200241 a 4500
005 20231021063622.0
008 030820s1997 es r 000 0 spa d
020 _a8478691383
035 _aUPN01000128034
049 _aCG
050 4 _aLB1049
_bG3.27 1997
100 1 _aGarcía Pérez, E. Manuel
_930765
245 1 1 _a"Así---" :
_bprograma de entrenamiento en técnicas y hábitos de estudio : cuaderno del alumno : ciclo II de educación secundaria obligatoria (14-16 años) /
_cE. Manuel García Pérez, J. Luis Galve Manzano, Manuel Trallero Sanz.
250 _a2a ed.
260 _aMadrid :
_bCEPE,
_c1997.
300 _a112 p.
440 0 _aPrograma de intervención educativa ;
_v2
650 4 _aMétodos de estudio
_94280
650 2 _aHábitos de estudio
_97045
700 1 _aGalve Manzano, José Luis,
_ecoaut.
_928876
700 1 _aTrallero Sanz, Manuel,
_ecoaut.
_931808
905 _aLibro
999 _c100213
_d100213